| 000 | 00416nam a22001697a 4500 | ||
|---|---|---|---|
| 005 | 20180615121457.0 | ||
| 008 | 160526b xxu||||| |||| 00| 0 eng d | ||
| 020 | _a81-272-1970-3 | ||
| 041 | _aeng | ||
| 082 |
_b5299 _a657.42 |
||
| 100 |
_aJaini S.P. & Narang K.L. _91318 |
||
| 245 | _aCost Accounting | ||
| 260 |
_aNew Delhi _bAcademic Faundation |
||
| 300 | _aVI-63 | ||
| 650 |
_aManagement _9241 |
||
| 942 | _cBK | ||
| 999 |
_c1856 _d1855 |
||